书目信息 |
| 题名: |
当代电视摄影制作
|
|
| 作者: | 黄匡宇 著 | |
| 分册: | ||
| 出版信息: | 上海 复旦大学出版社 2011.09 |
|
| 页数: | 380页 | |
| 开本: | 23cm | |
| 丛书名: | ||
| 单 册: | ||
| 中图分类: | J931 , G222.3 | |
| 科图分类: | ||
| 主题词: | 电视摄影--摄影技术--教材 , 电视节目--制作--教材 , 电视摄影 , 摄影技术 , 电视节目 | |
| 电子资源: | ||
| ISBN: | 978-7-309-08128-2 | |
| 000 | 00918nam0 2200301 450 | |
| 001 | 010010086362 | |
| 005 | 20130608170437.59 | |
| 010 | @a978-7-309-08128-2@dCNY38.00@z7-309-08128-5 | |
| 100 | @a20111027d2011 em y0chiy50 ea | |
| 101 | 0 | @achi |
| 102 | @aCN@b310000 | |
| 105 | @aak z 000yy | |
| 106 | @ar | |
| 200 | 1 | @a当代电视摄影制作@9dang dai dian shi she ying zhi zuo@e观念与方法@f黄匡宇著 |
| 210 | @a上海@c复旦大学出版社@d2011.09 | |
| 215 | @a380页@c图@d23cm | |
| 300 | @a复旦博学·当代广播电视教程·新世纪版 | |
| 330 | @a本书由工具篇、电视画面理论与摄影实务篇、电视采访与编辑基础篇、节目篇4篇20章构成。 | |
| 606 | 0 | @a电视摄影@x摄影技术@j教材 |
| 606 | 0 | @a电视节目@x制作@j教材 |
| 606 | 0 | @a电视摄影 |
| 606 | 0 | @a摄影技术 |
| 606 | 0 | @a电视节目 |
| 690 | @aJ931@v4 | |
| 690 | @aG222.3@v4 | |
| 701 | 0 | @a黄匡宇@9huang kuang yu@4著 |
| 801 | 0 | @aCN@bRENTIAN@c20111027 |
| 905 | @dJ931@e263 | |
| 当代电视摄影制作:观念与方法/黄匡宇著.-上海:复旦大学出版社,2011.09 |
| 380页:图;23cm |
| 复旦博学·当代广播电视教程·新世纪版 |
| ISBN 978-7-309-08128-2:CNY38.00 |
| 本书由工具篇、电视画面理论与摄影实务篇、电视采访与编辑基础篇、节目篇4篇20章构成。 |
| ● |
| 相关链接 |
|
|
|
|
正题名:当代电视摄影制作
索取号:J931/263
 
预约/预借
| 序号 | 登录号 | 条形码 | 馆藏地/架位号 | 状态 | 备注 |
| 1 | 0545116 | 205451161 | 第一样本阅览室/ [索取号:J931/263] | 在馆 | |
| 2 | 0545117 | 205451170 | 第一借阅区/ [索取号:J931/263] | 在馆 | |
| 3 | 0545118 | 205451189 | 第一借阅区/ [索取号:J931/263] | 在馆 | |
| 4 | 0545119 | 205451198 | 第一借阅区/ [索取号:J931/263] | 在馆 | |
| 5 | 0545120 | 205451205 | 第一借阅区/ [索取号:J931/263] | 在馆 |